000 00330 a2200157 4500
001 182864
020 _a
040 _cMagnum
100 _aFaleiro, Zilka Mendes
240 1 0 _aMeus amores em poesias
_lpor
245 1 0 _aMeus amores em poesias
300 _a89
362 0 _a1994
697 _aLITERATURA GERAL
942 _cBK
999 _c182864
_d182864